| 000 | 01051nam a2200253Ia 4500 | ||
|---|---|---|---|
| 999 |
_c6361 _d6361 |
||
| 003 | OSt | ||
| 005 | 20200430114359.0 | ||
| 008 | 191128s2005 ck ao gr 000 0 spa d | ||
| 040 |
_aCO-JMCR _cCO-JMCR |
||
| 041 | 0 | _aspa | |
| 082 | 0 | 4 |
_a325 / _bC718m _223 |
| 110 | 1 |
_aColombia. _bOrganización Internacional para las Migraciones _93769 |
|
| 245 | 1 | 0 |
_aMemorias 2004 : _bColombia / _cOrganización Internacional para las Migraciones, misión en Colombia ; fotografía Simone Bruno y Mauricio Moreno. |
| 250 | _aPrimera edición | ||
| 260 |
_aBogotá : _b[Organización Internacional para las Migraciones], _c2005 |
||
| 300 |
_a84 páginas : _bfotografías a color ; _c28 cm. |
||
| 610 | 1 | 4 |
_aOrganización Internacional para las Migraciones _xinformes _y2005 _zColombia _93770 |
| 650 | 1 | 4 |
_aProblemas sociales _zColombia _93771 |
| 650 | 1 | 4 |
_aViolencia _zColombia _93772 |
| 650 | 1 | 4 |
_aDesarrollo económico y social _zColombia _93773 |
| 700 | 1 |
_aBruno, Simone, _efotógrafo _93774 |
|
| 700 | 1 |
_aMoreno, Mauricio, _efotógrafo _93775 |
|
| 942 |
_2ddc _cBK |
||